000 00537nam a2200145 a 4500
005 20140414132052.0
008 110725s19uu xx 00 eng d
020 _a0753403463
050 _aREF 909
_bK58 1999
245 _aThe kingfisher history encyclopedia Vol.9 :
_bThe world at war 1914-1949.
260 _aLondon :
_bKingfisher,
_c1999.
520 _aA reference guide to world history, featuring a timeline, key date boxes, and biographies of historical figures.
650 _aWorld history
_xJuvenile literature.
999 _c114189
_d114189